| 000 | 00461pab a2200181 454500 | ||
|---|---|---|---|
| 008 | 180718b2009 xxu||||| |||| 00| 0 eng d | ||
| 100 | _aJois, M. Rama | ||
| 245 | _aHarmonious working of the legislature, the executive and the judiciary | ||
| 260 | _c2009 | ||
| 300 | _ap.3-25. | ||
| 362 | _aMar | ||
| 650 | _aJudiciary | ||
| 650 | _aExecutive | ||
| 650 | _aParliament | ||
| 773 | _aJournal of Parliamentary Information | ||
| 908 | _aN | ||
| 909 | _a82733 | ||
| 999 |
_c82733 _d82733 |
||